000 00552nam a2200181Ia 4500
001 20879
005 20260306172838.0
008 260306t2023||||xx |||||||||||||| ||spa||
041 _aESP
082 _a343.8
_bM86C
100 _aMorales Mejía, Jaime,
_eAUT
245 0 _aCasos prácticos aplicados al impuesto a la renta, IGV y código tributario :
_bbasados y explicados conforme a los pronunciamientos del Tribunal Fiscal
260 _c2023
300 _a366 páginas :
_c29 cm.
650 _aGEN
654 _aCCO
942 _cLIB
_dJUS
_fJUS
_2ddc
_n
999 _c20879
_d20879